Sports Quiz

Random Sports or WWE Quiz

WWE 'Money in the Bank' Match Participants Quiz Stats

 Plays Quiz Updated Jul 19, 2021

Support Sporcle.
Go Orange.
Score 0/193 Timer 10:00
52 Plays Today
Event Wrestler % Correct
Money in the Bank 2021 (Men's)Seth Rollins
91.1%
Money in the Bank 2012 (WWE)John Cena
90.7%
WrestleMania 21Edge
90.7%
WrestleMania 23Edge
90.7%
Money in the Bank 2010 (Raw)Edge
90.7%
WrestleMania 21Kane
90.4%
WrestleMania XXVKane
90.4%
WrestleMania XXVIKane
90.4%
Money in the Bank 2010 (SD)Kane
90.4%
Money in the Bank 2011 (SD)Kane
90.3%
Money in the Bank 2012 (WWE)Kane
90.2%
Money in the Bank 2015Kane
89.3%
Money in the Bank 2019 (Men's)Randy Orton
88.7%
WrestleMania 23Randy Orton
86.9%
Money in the Bank 2010 (Raw)Randy Orton
86.9%
Money in the Bank 2013 (WWE)Randy Orton
86.8%
Money in the Bank 2021 (Men's)Big E
86.7%
Money in the Bank 2015Randy Orton
86.1%
Money in the Bank 2020 (Men's)Rey Mysterio
86%
Money in the Bank 2021 (Men's)John Morrison
85.6%
WrestleMania 23CM Punk
85.5%
WrestleMania XXIVCM Punk
85.5%
WrestleMania XXVCM Punk
85.5%
Money in the Bank 2013 (WWE)CM Punk
85%
Money in the Bank 2014Seth Rollins
84%
Money in the Bank 2020 (Men's)Daniel Bryan
83.4%
Money in the Bank 2016Dean Ambrose
82.9%
Money in the Bank 2014Dean Ambrose
82.5%
WrestleMania 21Chris Jericho
82.3%
WrestleMania XXIVChris Jericho
82.3%
Money in the Bank 2010 (Raw)Chris Jericho
82.3%
Money in the Bank 2012 (WWE)Chris Jericho
82.1%
Money in the Bank 2018 (Men's)The Miz
81.7%
Money in the Bank 2013 (World)Dean Ambrose
81.4%
Money in the Bank 2016Chris Jericho
81.2%
Money in the Bank 2010 (SD)The Big Show
80.4%
Money in the Bank 2020 (Men's)AJ Styles
80.3%
WrestleMania 23Jeff Hardy
80.3%
Money in the Bank 2012 (WWE)The Big Show
80.3%
WrestleMania 22Matt Hardy
80%
WrestleMania 23Matt Hardy
80%
Money in the Bank 2010 (SD)Matt Hardy
80%
WrestleMania XXVIMatt Hardy
79.9%
Money in the Bank 2018 (Men's)Kofi Kingston
79.9%
Money in the Bank 2010 (Raw)The Miz
79.5%
Money in the Bank 2011 (Raw)The Miz
79.4%
Money in the Bank 2021 (Men's)Drew McIntyre
79.4%
Money in the Bank 2012 (WWE)The Miz
79.2%
Money in the Bank 2021 (Men's)Kevin Owens
79.1%
Money in the Bank 2021 (Women's)Alexa Bliss
78.8%
Money in the Bank 2020 (Women's)Asuka
78.8%
WrestleMania 21Christian
78.4%
WrestleMania XXVChristian
78.4%
WrestleMania XXVIChristian
78.4%
Money in the Bank 2010 (SD)Christian
78.4%
Money in the Bank 2012 (World)Christian
78.1%
Money in the Bank 2013 (WWE)Christian
77.7%
Money in the Bank 2020 (Men's)Otis
77.6%
Money in the Bank 2015Roman Reigns
77.5%
Money in the Bank 2021 (Women's)Nikki A.S.H.
77.3%
WrestleMania XXVKofi Kingston
77.1%
WrestleMania XXVIKofi Kingston
77.1%
Money in the Bank 2010 (SD)Kofi Kingston
77.1%
Money in the Bank 2020 (Women's)Carmella
77.1%
Money in the Bank 2014Kofi Kingston
77.1%
Event Wrestler % Correct
Money in the Bank 2011 (Raw)Kofi Kingston
77%
Money in the Bank 2018 (Women's)Charlotte Flair
77%
Money in the Bank 2015Kofi Kingston
76.9%
Money in the Bank 2020 (Men's)King Corbin
76.8%
Money in the Bank 2015Sheamus
76.8%
Money in the Bank 2013 (WWE)Sheamus
76.7%
Money in the Bank 2021 (Women's)Natalya
76.6%
Money in the Bank 2011 (SD)Sheamus
76.5%
Money in the Bank 2012 (World)Dolph Ziggler
76.5%
WrestleMania XXVIDolph Ziggler
76.4%
Money in the Bank 2010 (SD)Dolph Ziggler
76.4%
Money in the Bank 2014Dolph Ziggler
76%
Money in the Bank 2019 (Men's)Brock Lesnar
75.8%
Money in the Bank 2021 (Women's)Asuka
75.8%
Money in the Bank 2015Dolph Ziggler
75.7%
Money in the Bank 2017 (Men's)Dolph Ziggler
75.1%
Money in the Bank 2019 (Women's)Carmella
75%
Money in the Bank 2017 (Women's)Carmella
74.9%
Money in the Bank 2011 (SD)Daniel Bryan
74.6%
Money in the Bank 2013 (WWE)Daniel Bryan
74.3%
Money in the Bank 2017 (Women's)Charlotte Flair
74%
Money in the Bank 2018 (Women's)Becky Lynch
73.3%
Money in the Bank 2019 (Women's)Bayley
72.7%
Money in the Bank 2021 (Women's)Tamina
72.5%
Money in the Bank 2020 (Women's)Nia Jax
72.3%
Money in the Bank 2017 (Women's)Becky Lynch
72.2%
WrestleMania 22Rob Van Dam
71.7%
Money in the Bank 2019 (Men's)Baron Corbin
71.7%
Money in the Bank 2011 (Raw)Rey Mysterio
71.3%
Money in the Bank 2013 (WWE)Rob Van Dam
71.3%
WrestleMania 21Shelton Benjamin
70.8%
WrestleMania 22Shelton Benjamin
70.8%
WrestleMania XXIVShelton Benjamin
70.8%
WrestleMania XXVShelton Benjamin
70.8%
WrestleMania XXVIShelton Benjamin
70.8%
Money in the Bank 2014Rob Van Dam
70.7%
Money in the Bank 2016Kevin Owens
69.8%
Money in the Bank 2017 (Men's)Baron Corbin
69.5%
Money in the Bank 2021 (Men's)Shinsuke Nakamura
69.3%
Money in the Bank 2017 (Men's)Kevin Owens
69.3%
Money in the Bank 2021 (Men's)Ricochet
69.1%
Money in the Bank 2011 (Raw)Alberto Del Rio
68.8%
Money in the Bank 2018 (Men's)Kevin Owens
68.5%
Money in the Bank 2021 (Women's)Naomi
68.1%
Money in the Bank 2018 (Men's)Braun Strowman
67.5%
Money in the Bank 2017 (Men's)AJ Styles
67.4%
Money in the Bank 2016Alberto Del Rio
67.1%
WrestleMania 22Ric Flair
66.8%
WrestleMania XXVIJack Swagger
66.7%
Money in the Bank 2011 (Raw)Jack Swagger
66.6%
Money in the Bank 2013 (World)Jack Swagger
65.9%
Money in the Bank 2018 (Women's)Sasha Banks
65.5%
Money in the Bank 2014Jack Swagger
65.4%
Money in the Bank 2018 (Women's)Alexa Bliss
64.5%
WrestleMania XXVMark Henry
63.5%
Money in the Bank 2010 (Raw)Mark Henry
63.5%
Money in the Bank 2010 (SD)Cody Rhodes
63.4%
Money in the Bank 2011 (SD)Cody Rhodes
63.3%
Money in the Bank 2016Cesaro
63.2%
Money in the Bank 2012 (World)Cody Rhodes
63.2%
Money in the Bank 2013 (World)Cody Rhodes
62.8%
Money in the Bank 2016Sami Zayn
62.6%
Money in the Bank 2021 (Women's)Liv Morgan
62.6%
Money in the Bank 2017 (Men's)Sami Zayn
62.4%
Money in the Bank 2019 (Men's)Drew McIntyre
62.2%
Event Wrestler % Correct
Money in the Bank 2013 (World)Antonio Cesaro
61.8%
WrestleMania 23Mr. Kennedy
61.2%
WrestleMania XXIVMr. Kennedy
61.2%
Money in the Bank 2019 (Women's)Natalya
60.4%
Money in the Bank 2017 (Women's)Natalya
59.5%
WrestleMania 21Chris Benoit
59.4%
WrestleMania XXIVJohn Morrison
58.9%
Money in the Bank 2010 (Raw)John Morrison
58.9%
Money in the Bank 2018 (Women's)Natalya
57.7%
Money in the Bank 2019 (Women's)Naomi
57.2%
Money in the Bank 2013 (World)Damien Sandow
56.7%
Money in the Bank 2012 (World)Damien Sandow
56.7%
Money in the Bank 2019 (Men's)Finn Bálor
56.6%
Money in the Bank 2020 (Men's)Aleister Black
56.6%
Money in the Bank 2021 (Men's)Riddle
56.3%
WrestleMania 22Finlay
56.1%
WrestleMania 23Finlay
56.1%
WrestleMania XXVFinlay
56.1%
Money in the Bank 2018 (Women's)Naomi
56.1%
WrestleMania XXIVMontel Vontavious Porter
55.8%
WrestleMania XXVMontel Vontavious Porter
55.8%
WrestleMania XXVIMontel Vontavious Porter
55.8%
Money in the Bank 2011 (SD)Wade Barrett
55.8%
Money in the Bank 2013 (World)Wade Barrett
55%
Money in the Bank 2019 (Men's)Ali
54%
Money in the Bank 2017 (Men's)Shinsuke Nakamura
53.5%
Money in the Bank 2020 (Women's)Shayna Baszler
52.4%
Money in the Bank 2018 (Men's)Finn Balor
52%
Money in the Bank 2011 (SD)Sin Cara
51.5%
Money in the Bank 2017 (Women's)Tamina
51.4%
Money in the Bank 2012 (World)Sin Cara
51.1%
Money in the Bank 2020 (Women's)Dana Brooke
50.7%
WrestleMania 22Bobby Lashley
47.5%
Money in the Bank 2021 (Women's)Zelina Vega
46.6%
Money in the Bank 2019 (Women's)Mandy Rose
46.5%
WrestleMania 23King Booker
45.9%
WrestleMania XXVIEvan Bourne
45.9%
Money in the Bank 2010 (Raw)Evan Bourne
45.9%
Money in the Bank 2011 (Raw)Evan Bourne
45.8%
Money in the Bank 2019 (Men's)Ricochet
45.6%
WrestleMania XXIVCarlito
45%
WrestleMania XXVIDrew McIntyre
44.9%
Money in the Bank 2010 (SD)Drew McIntyre
44.9%
Money in the Bank 2011 (Raw)R-Truth
44.8%
Money in the Bank 2019 (Men's)Andrade
43.2%
Money in the Bank 2011 (SD)Heath Slater
43%
Money in the Bank 2019 (Women's)Dana Brooke
42.5%
Money in the Bank 2020 (Women's)Lacey Evans
41.8%
Money in the Bank 2018 (Men's)Rusev
40.6%
Money in the Bank 2010 (Raw)Ted DiBiase
40.4%
Money in the Bank 2011 (SD)Justin Gabriel
39.3%
Money in the Bank 2012 (World)Tensai
38.3%
Money in the Bank 2019 (Women's)Ember Moon
37.8%
Money in the Bank 2018 (Men's)Bobby Roode
36.7%
Money in the Bank 2018 (Women's)Lana
36.3%
Money in the Bank 2015Neville
36.1%
Money in the Bank 2018 (Women's)Ember Moon
36.1%
Money in the Bank 2012 (World)Santino Marella
35.1%
Money in the Bank 2019 (Women's)Nikki Cross
34.8%
Money in the Bank 2012 (World)Tyson Kidd
32.1%
Money in the Bank 2018 (Men's)Samoa Joe
30.8%
Money in the Bank 2011 (Raw)Alex Riley
25.1%
Money in the Bank 2013 (World)Fandango
24.9%

You're not logged in!

Compare scores with friends on all Sporcle quizzes.
OR
Log In
Forgot?

From the Vault

Countries in the Middle

by diving

These countries just like to keep it nice and median.
Remove Ads.
Support Sporcle.
Get the best of Sporcle when you Go Orange. This ad-free experience offers more features, more stats, and more fun while also helping to support Sporcle. Thank you for becoming a member.

Show Comments

Extras

Top Quizzes Today


Score Distribution

Your Account Isn't Verified!

In order to create a playlist on Sporcle, you need to verify the email address you used during registration. Go to your Sporcle Settings to finish the process.

Report this User

Report this user for behavior that violates our Community Guidelines.

Details: